Social quality from theory to indicators
Salvato in:
| Altri autori: | , |
|---|---|
| Natura: | Libro |
| Lingua: | inglese |
| Pubblicazione: |
Basingstoke
Palgrave Macmillan
2012
|
| Soggetti: | |
| Tags: |
Nessun Tag, puoi essere il primo ad aggiungerne!!
|
MARC
| LEADER | 00000nam a2200000 4500 | ||
|---|---|---|---|
| 001 | 0181952 | ||
| 005 | 20221207093831.1 | ||
| 020 | |a 978-0-230-27852-3 | ||
| 041 | 0 | |a eng | |
| 044 | |a GB | ||
| 245 | 1 | 0 | |a Social quality |b from theory to indicators |c edited by Laurent J. G. van der Maesen and Alan Walker |
| 264 | 1 | |a Basingstoke |b Palgrave Macmillan |c 2012 | |
| 300 | |a xiii, 322 s. | ||
| 610 | 2 | 0 | |a politika sociálna |
| 610 | 2 | 0 | |a nerovnosť sociálna |
| 610 | 2 | 0 | |a situácia sociálna |
| 700 | 1 | |a van der Maesen, Laurent J. G. | |
| 700 | 1 | |a Walker, Alan | |